| 000 -LEADER |
| fixed length control field |
00337nam a22000977a 4500 |
| 082 ## - DEWEY DECIMAL CLASSIFICATION NUMBER |
| Classification number |
C35x54 ICSI/2021 |
| 100 ## - MAIN ENTRY--PERSONAL NAME |
| Personal name |
The Institute Of Company Secretaries Of India |
| 9 (RLIN) |
36911 |
| 245 ## - TITLE STATEMENT |
| Title |
Glorious Journey Of ICSI National Conventions |
| Statement of responsibility, etc |
by The Institute Of Company Secretaries Of India |
| 260 ## - PUBLICATION, DISTRIBUTION, ETC. (IMPRINT) |
| Place of publication, distribution, etc |
New delhi |
| Name of publisher, distributor, etc |
The author |
| Date of publication, distribution, etc |
2022 |
| 300 ## - PHYSICAL DESCRIPTION |
| Extent |
160p. |